000 02226 a2200409 4500
001 24034826
003 0199030
005 20251011150357.0
008 250218s2025 enk b 001 0 eng
010 _a 2024053144
020 _a9781009224857
020 _z9781009224826
035 _a24034826
040 _aDLC
_beng
_erda
_cDLC
042 _apcc
050 0 0 _aJC328.5
_b.D46 2025
082 0 0 _a303.6/4
_223/eng/20250220
100 1 _aDeRouen, Karl R.,
_d1962-
_eauthor.
245 1 0 _aCivil war and intrastate armed conflict :
_bchanging dynamics in international perspective /
_cKarl DeRouen, Edward Newman, Paul Bellamy.
263 _a2504
264 1 _aCambridge ;
_aNew York :
_bCambridge University Press,
_c2025.
300 _axvii,530p.:
_bill. diagrams, phots and tables
336 _atext
_btxt
_2rdacontent
337 _aunmediated
_bn
_2rdamedia
338 _avolume
_bnc
_2rdacarrier
504 _aIncludes bibliographical references and index.
505 0 _aDebates and approaches in researching and studying civil war -- Impact of civil war and intrastate conflict -- Causes of civil war -- Natural resources and intrastate conflict -- Proxy war and internationalized intrastate conflict -- Insurgency, rebel governance and counterinsurgency -- Atrocities and violence in civil war -- Termination of civil war and post-conflict challenges -- International intervention, peacekeeping and peacebuilding -- Terrorism, civil war and intrastate conflict -- Conclusion: Policy implications for conflict resolution and peacebuilding.
520 _a"An examination of civil wars and intrastate armed conflicts underpinned by recent research, case studies, and detailed data. Using themes and accessible language, the textbook explores the causes, nature, and impact of violent civil conflict, and explains the main debates and methodologies which define the field"--
_cProvided by publisher.
650 0 _aCivil war.
650 0 _aPeace-building.
650 0 _aInternational relations.
700 1 _aNewman, Edward,
_d1970-
_eauthor.
700 1 _aBellamy, Paul,
_eauthor.
906 _a7
_bcbc
_corignew
_d1
_eecip
_f20
_gy-gencatlg
942 _2lcc
_cBK
999 _c43698
_d43698